00251nam a22000857a 4500008004100000082002100041245005800062260003700120300000800157230621b xxu||||| |||| 00| 0 eng d a328.03bCPA 1987 aReport of the Commonwealth Parliamentary Association  aZimbabwebParliament of Zimbabwe a26p